Makhṭūṭat al-Durrah al-muṣānah fī akhbār al-Kinānah /
Saved in:
Main Author:
Other Authors: ,
Format: Book
Language: Arabic
Subjects:
Tags: Add Tag
No Tags, Be the first to tag this record!
Call Number: DT97 .D556 1992
| LEADER | 01651cam a2200337 a 4500 | ||
|---|---|---|---|
| 003 | OSt | ||
| 005 | 20201010080420.0 | ||
| 008 | 130303s1992 ua b g 000 0 ara d | ||
| 952 | |0 0 |1 0 |2 lcc |4 0 |6 DT0097 D556 01992 |7 1 |9 6667 |a ARCE |b ARCE |d 2020-10-10 |l 0 |o DT97 .D556 1992 |p 1022939 |r 2020-10-10 00:00:00 |w 2020-10-10 |y BK | ||
| 999 | |c 30782 |d 30782 | ||
| 020 | |a 9775210275 | ||
| 020 | |a 9789775210272 | ||
| 040 | |c ARCE Library | ||
| 043 | |a f-ua--- | ||
| 050 | 0 | 4 | |a DT97 .D556 1992 |
| 100 | 1 | |6 880-01 |a Damurdāshī, Aḥmad, |d -approximately 1755, |e author |9 28586 | |
| 245 | 1 | 0 | |6 880-02 |a Makhṭūṭat al-Durrah al-muṣānah fī akhbār al-Kinānah / |c lil-Amīr Aḥmad al-Damurdāshī ; taḥqīq Dāniyāl Krīsīliyūs [wa-] Aʻbd al-Wahhāb Bakr. |
| 264 | 1 | |a al-Qāhirah : |b Dār al-Zahrā, |c 1992. | |
| 300 | |a 389 pages, [1] folded leaf of map ; |c 24 cm. | ||
| 336 | |a text |b txt |2 rdacontent | ||
| 337 | |a unmediated |b n |2 rdamedia | ||
| 338 | |a volume |b nc |2 rdacarrier | ||
| 546 | |a Text in Arabic. | ||
| 651 | 0 | |a Egypt |x History |y 1687-1757. | |
| 651 | 0 | |a Ottoman Empire. | |
| 700 | 1 | |a Bakr, ʿAbd al-Wahhāb. | |
| 700 | 1 | |a Crecelius, Daniel. |9 28412 | |
| 880 | 1 | |6 100-01/(3/r |a دمرداش، أحمد، |d ت. حوالي 1755. | |
| 880 | 1 | 0 | |6 245-02/(3/r |a مخطوطة الدرة المصانة في أخبار الكنانة |c للأمير أحمد الدمرداشي كتخذا عزبان ؛ تحقيق دانيال كريسيليوس [و] عبد الوهاب بكر. |
| 901 | |a reviewed | ||
| 942 | |c BK |2 lcc | ||
